| 000 | 00698nam a22002057a 4500 | ||
|---|---|---|---|
| 003 | 0 | ||
| 005 | 20250820160233.0 | ||
| 008 | 250820b xxu||||| |||| 00| 0 eng d | ||
| 020 | _a978-1-63987-838-3 | ||
| 050 |
_aP 299.G73 _b.C53 2024 |
||
| 100 |
_aClark, Emma, _eauthor. |
||
| 245 |
_aGrammaticalization : _ba conceptual framework / _cEmma Clark. |
||
| 260 |
_aNew York City, NY : _bMurphy & Moore Publishing, _c2024. |
||
| 300 |
_a266 pages : _billustrations ; _c23 cm. |
||
| 504 | _aIncludes bibliographical references and index. | ||
| 650 |
_aGrammar, Comparative and general _xGrammaticalization. |
||
| 650 | _aGrammar, Comparative and general. | ||
| 650 | _aLinguistics. | ||
| 942 |
_2lcc _cBK |
||
| 999 |
_c367553 _d367553 |
||